The Ultimate Job Search Letters Book (Record no. 152777)

MARC details
000 -LEADER
fixed length control field 00592nam a22001937a 4500
005 - DATE AND TIME OF LATEST TRANSACTION
control field 20181116142317.0
010 ## - LCCN (DPL NO)
LC control number B-129497
020 ## - INTERNATIONAL STANDARD BOOK NUMBER
International Standard Book Number 0749442409
035 ## - SYSTEM CONTROL NUMBER
System control number B-129484,B-129490 B-129497
037 ## - SOURCE OF ACQUISITION
Source of stock number/acquisition BPPD/PUB
082 ## - DEWEY DECIMAL CLASSIFICATION NUMBER
Classification number 650.142
100 ## - MAIN ENTRY--PERSONAL NAME
Personal name Yate Martin
245 ## - TITLE STATEMENT
Title The Ultimate Job Search Letters Book
Statement of responsibility, etc by Martin Yate
Remainder of title Write the perfect letter and get that job
260 ## - PUBLICATION, DISTRIBUTION, ETC. (IMPRINT)
Place of publication, distribution, etc London
Name of publisher, distributor, etc Kogan Page
Date of publication, distribution, etc 2004
300 ## - PHYSICAL DESCRIPTION
Extent vii, 248p.
Dimensions 24cm, (pbk)
500 ## - GENERAL NOTE
General note Includes index
942 ## - ADDED ENTRY ELEMENTS (KOHA)
Source of classification or shelving scheme Dewey Decimal Classification
Item type English Books
Call number suffix YAT
Classification part 650.142
Holdings
Withdrawn status Lost status Not for loan Collection code Home library Current library Date acquired Source of acquisition Cost, normal purchase price Full call number Barcode Cost, replacement price Koha item type Copy number
      Non-fiction R.C.Libraries (zls) R.C.Libraries (zls) 16/11/2018   295.00 650.142 YAT B-129497 295.00 English Books  
      Non-fiction Sarojini Nagar Sarojini Nagar 15/02/2019     650.142 YAT B-129494   English Books  
      Non-fiction Shahdara Branch Shahdara Branch 18/06/2018 BPPD/PUB 295.00 650.142 YAT B-129484 295.00 English Books  
      Non-fiction Tri Nagar Tri Nagar 24/07/2018 BPPD/pub 295.00 650.142 YAT B-129490 0.00 English Books 1
      Non-fiction Yojana Vihar Yojana Vihar 11/07/2019 BPPD/PUB 295.00 650.142 YAT B-129485 295.00 English Books  

© Delhi Public Library
Hit Counter
free hit counter